|
|
|
|
| LEADER |
00000nab a2200000 a 4500 |
| 001 |
vtls000881411 |
| 003 |
SK-MaSNL |
| 005 |
20260304001219.0 |
| 008 |
180206c2004 xo 0 slo |
| 015 |
|
|
|a SNBRB2004/08-22743
|
| 035 |
|
|
|a CLN000232924
|
| 040 |
|
|
|a SNKBUCL
|b slo
|c SNKBUCL
|e AACR2
|
| 041 |
0 |
|
|a slo
|
| 044 |
|
|
|a xo
|c SK
|
| 080 |
|
|
|a 37.018-055.15/.25(048)
|2 UDC-MRF-SK2
|
| 080 |
|
|
|a 37.03-055.15/.25(048)
|2 UDC-MRF-SK2
|
| 080 |
|
|
|a 159.942-055.15/.25(048)
|2 UDC-MRF-SK2
|
| 080 |
|
|
|a 159.922.7(048)
|2 UDC-MRF-SK2
|
| 100 |
1 |
|
|a Silnická, Oľga,
|d 1929-
|4 aut
|9 9193
|
| 245 |
1 |
0 |
|a Rodové stereotypy a ich dôsledky
|c Oľga Silnická
|
| 650 |
0 |
7 |
|a deti
|x výchova
|x stereotypy rodové
|x publikácie
|x recenzie
|2 snkbucl
|9 1277527
|
| 650 |
0 |
7 |
|a stereotypy rodové
|x výchova detí
|x publikácie
|x recenzie
|2 snkbucl
|9 1277528
|
| 655 |
|
7 |
|a články z novín a časopisov
|2 snkbucl
|9 267496
|
| 773 |
0 |
|
|x 1210-1982
|t Knižná revue
|g Roč. 14, č. 12 (2004), s. 3
|
| 787 |
0 |
8 |
|i Rec.:
|a Cviková, Jana, 1963-
|a Juráňová, Jana, 1957-
|t Ružový a modrý svet
|d Bratislava : Aspekt, 2003
|w ma200402180
|w ma200001732
|
| 850 |
|
|
|a Slovenská národná knižnica v Martine
|
| 852 |
|
|
|a SNK
|b KIS3GCP
|
| 958 |
|
|
|a RBX
|
| 999 |
|
|
|c 2535331
|d 2537261
|